| 000 | 00612nam a2200205 a 4500 | ||
|---|---|---|---|
| 005 | 20230209063804.0 | ||
| 008 | 031111s1991 mx r 000 0 spa d | ||
| 020 | _a8479780010 | ||
| 035 | _aUPN01000130874 | ||
| 049 | _aCG | ||
| 050 | 4 |
_aHF5415.5 _bL3.2 |
|
| 100 | 1 | _aLarrea Angulo, Pedro | |
| 245 | 1 | 0 |
_aCalidad de servicio : _bdel marketing a la estrategia / _cPedro Larrea. |
| 260 |
_aMadrid : _bDíaz de Santos, _c1991. |
||
| 300 |
_a274 p. : _bil. |
||
| 650 | 4 |
_aSERVICIOS AL CLIENTE - _xMERCADOTECNIA _926714 |
|
| 650 | 4 |
_aControl de calidad _910920 |
|
| 650 | 2 |
_aMercadotecnia _95626 |
|
| 905 | _aLibro | ||
| 999 |
_c103031 _d103031 |
||